| 000 | 00753na a2200253 4500 | ||
|---|---|---|---|
| 001 | 19036 | ||
| 003 | MIRAKIL | ||
| 005 | 20181213154845.0 | ||
| 008 | 161207b tu 000 0 | ||
| 035 | _a19036 | ||
| 040 |
_aMilas _btur _cTR-AnCHP |
||
| 041 | _atur | ||
| 082 |
_a352.008 _bT96 1991 |
||
| 090 | _a352.008 T96 1991 | ||
| 110 | _aTürk Belediyecilik Derneği | ||
| 245 |
_aBelediye başkanları albümü _cTürk Belediyecilik Derneği |
||
| 260 |
_aAnkara _bTürk Belediyecilik Derneği _c1991 |
||
| 300 |
_a376 s. _bres. _c27 sm. |
||
| 490 |
_aTürk Belediyecilik Derneği Yayınları _v51 |
||
| 650 |
_aYerel yönetimler _zTürkiye |
||
| 650 |
_aBelediyeler _zTürkiye |
||
| 650 |
_aBelediye başkanları _zTürkiye |
||
| 942 |
_2ddc _cBKS |
||
| 999 |
_c2087 _d2087 |
||